| 000 | 00803cab a2200253 4500 | ||
|---|---|---|---|
| 001 | ABS55324 | ||
| 008 | 090401t1996 xxu||||| |||| 00| 0 eng d | ||
| 035 | _a(Sirsi) u15764 | ||
| 041 | _aeng | ||
| 100 | _aHall, B. | ||
| 245 | _a`M` could become a special agent for Britain`s heritage | ||
| 260 | _c1996 | ||
| 350 | _a0 | ||
| 490 |
_aProperty Week _v55(12) 20 June 1996, 22(1) |
||
| 520 | _aAssesses the pros and cons of the Department of National Heritage`s Green Paper "Protecting our Environment". Consider sin particular the implications of listing modern buildings. | ||
| 650 | _aENGLISH HERITAGE | ||
| 650 | _aLISTED BUILDINGS | ||
| 650 | _aM LISTING | ||
| 650 | _aMODERN BUILDINGS | ||
| 650 | _aNATIONAL HERITAGE | ||
| 690 | _aCONSERVATION | ||
| 942 | _n0 | ||
| 948 | _c04/03/1997 | ||
| 999 |
_c10367 _d10367 |
||